000 01702cad a22002535a 4500
001 L144609
008 110419s20080729xxkad f f000 0 eng d
020 _a9781409803539
035 _a(Sirsi) u144609
041 0 _aeng
050 0 4 _a333.33 $2 18
110 2 _aUnited Kingdom
_bDepartment for Communities and Local Government
_94939
245 0 0 _aImproving consumer information in the home information pack
_bconsultation paper
_h[electronic resource]
260 _aLondon
_bDCLG
_c2008
505 2 _aPurpose of the consultation -- Leasehold requirements in home information packs -- Background -- Leasehold information in summary sheet -- Your views are sought on proposals for leasehold requirements in the HIP and the related impact assessment -- Property Information Questionnaire (PIQ) including leasehold information -- Your views are sought on proposals for a Property Information Questionaire (PIQ) at Annex 2 and on the related impact assessment -- Next steps
520 _aPaper contains proposals for consultation on the leasehold requirements in the Home Information Pack (HIP) (Part 1) and the inclusion of the Property Information Questionnaire (PIQ) in the HIP (Part 2). The closing date for receipt of responses is 30 September 2008.
521 _aAdvanced
590 _aKA NTK
650 2 4 _aHOME INFORMATION PACKS
651 4 _aUnited Kingdom
_y
690 _aPROPERTY-RESIDENTIAL PROPERTY-ACQUISITION AND DISPOSAL OF RESIDENTIAL PROPERTY-HOME BUYING REFORM
856 4 0 _uhttps://tna.europarchive.org/20090609062432/http://www.communities.gov.uk/publications/housing/improvingconsumerinformation
_zView the item free of charge at http://tna.europarchive.org
942 _n0
999 _c108556
_d108556